Preferencie vo finančnom rozhodovaní: riziko a rozhodovacie stratégie
Tvorba preferencií pri finančnom rozhodovaní. Rozhodovacie stratégie. Prístup náklady-výnosy a prístup percepčný. Typy stratégií.
Gespeichert in:
| 1. Verfasser: | |
|---|---|
| Format: | Buchkapitel |
| Sprache: | Slowakisch |
| Schlagworte: | |
| Tags: |
Keine Tags, Fügen Sie das erste Tag hinzu!
|
MARC
| LEADER | 00000nla a2200000 4500 | ||
|---|---|---|---|
| 001 | 0180350 | ||
| 005 | 20240502073054.3 | ||
| 041 | 0 | |a slo | |
| 044 | |a SK | ||
| 245 | 1 | 0 | |a Preferencie vo finančnom rozhodovaní: riziko a rozhodovacie stratégie |c Kamil Adamík |
| 520 | |a Tvorba preferencií pri finančnom rozhodovaní. Rozhodovacie stratégie. Prístup náklady-výnosy a prístup percepčný. Typy stratégií. | ||
| 610 | 2 | 0 | |a rozhodovanie finančné |
| 610 | 2 | 0 | |a rozhodovanie investičné |
| 610 | 2 | 0 | |a metódy riadenia |
| 610 | 2 | 0 | |a riadenie strategické |
| 100 | 1 | |a Adamík, Kamil | |